Documento firmado por el Rey [Fernando VII]. (Record no. 4648)

MARC details
000 -CABECERA
campo de control de longitud fija 01510nam a2200325 a 4500
001 - NÚMERO DE CONTROL
campo de control BRCA_4954
005 - FECHA Y HORA DE LA ÚLTIMA TRANSACCIÓN
campo de control 20190320204857.0
008 - DATOS DE LONGITUD FIJA--INFORMACIÓN GENERAL
campo de control de longitud fija 221010m1815----sp-#######---#000-0#spa-#
041 ## - CÓDIGO DE LENGUA
Código de lengua del texto/banda sonora o título independiente spa
044 ## - CÓDIGO DEL PAÍS DE LA ENTIDAD EDITORA/PRODUCTORA
Código MARC del país mx
084 ## - OTRO NÚMERO DE CLASIFICACIÓN
Número de clasificación DOC47
Número de documento/Ítem .D63
-- 1815
245 10 - MENCIÓN DE TÍTULO
Título Documento firmado por el Rey [Fernando VII].
Mención de responsabilidad, etc. Fernando VII ; Félix María Calleja del Rey.
260 ## - PUBLICACIÓN, DISTRIBUCIÓN, ETC.
Lugar de publicación, distribución, etc. Madrid
Fecha de publicación, distribución, etc. 1815
300 ## - DESCRIPCIÓN FÍSICA
Extensión [2] fojas
Dimensiones 30 x 21 cm.
500 ## - NOTA GENERAL
Nota general Documento firmado en Madrid el 7 de julio de 1815.
500 ## - NOTA GENERAL
Nota general El documento fue recibido el 10 de abril de 1816 y firmado por el Virrey Félix María Calleja del Rey.
500 ## - NOTA GENERAL
Nota general Documento en el cual el Rey [Fernando VII] le concede el grado de Teniente a Don Blas Magaña Alférez agregado al Regimiento de Dragones Provinciales de Puebla.
500 ## - NOTA GENERAL
Nota general [Real Cédula] Firmada como ´Yo el Rey´.
500 ## - NOTA GENERAL
Nota general El documento contiene la leyenda DOC. #57.
500 ## - NOTA GENERAL
Nota general Estado de conservación: márgenes con dobleces.
506 0# - NOTA DE RESTRICCIONES AL ACCESO
Limitaciones de acceso Fondo Reservado. Para su consulta es necesario credencial de usuario y carta de motivos.
546 ## - NOTA DE LENGUA/LENGUAJE
Nota de lengua/lenguaje Texto en : español de principios del siglo XIX.
600 14 - PUNTO DE ACCESO ADICIONAL DE MATERIA--NOMBRE DE PERSONA
Nombre de persona Fernando
Numeración VII,
Títulos y otros términos asociados al nombre Rey de España,
Fechas asociadas al nombre 1784-1833
Subdivisión general Historia
9 (RLIN) 12601
650 14 - PUNTO DE ACCESO ADICIONAL DE MATERIA--TÉRMINO DE MATERIA
Término de materia o nombre geográfico como elemento de entrada Documentos legales
Subdivisión de forma Historia
Subdivisión cronológica Casa de Borbón, 1700
Subdivisión geográfica España
9 (RLIN) 12602
651 #4 - PUNTO DE ACCESO ADICIONAL DE MATERIA--NOMBRE GEOGRÁFICO
Nombre geográfico México
Subdivisión general Manuscrito.
Subdivisión cronológica Guerra de Independencia, 1810-1821
9 (RLIN) 12603
700 1# - PUNTO DE ACCESO ADICIONAL--NOMBRE DE PERSONA
Nombre de persona Calleja el Rey, Félix María
Fechas asociadas al nombre 1753-1878
9 (RLIN) 12604
700 1# - PUNTO DE ACCESO ADICIONAL--NOMBRE DE PERSONA
Nombre de persona Magaña, Blas
9 (RLIN) 12605
902 ## - CATALOGADOR
Iniciales FDH
942 ## - ELEMENTOS DE PUNTO DE ACCESO ADICIONAL (KOHA)
Fuente del sistema de clasificación o colocación Library of Congress Classification
Tipo de ítem Koha Documentos
Holdings
Estado de retiro Estado de pérdida Estado dañado No para préstamo Localización permanente Ubicación/localización actual Fecha de adquisición Total de préstamos Signatura topográfica completa Código de barras Fecha visto por última vez Precio válido a partir de Tipo de ítem Koha
El ejemplar forma parte de la colección y puede ser consultado según las políticas vigentes.       Biblioteca del Museo Franz Mayer (Rogerio Casas-Alatriste) Biblioteca del Museo Franz Mayer (Rogerio Casas-Alatriste) 22/10/2010   DOC47 .D63 1815 5015 22/03/2019 22/03/2019 Documentos